000 00675nam a2200241Ia 4500
003 OSt
005 20221005032001.0
006 a|||||r|||| 00| 0
007 ta
008 221004b |||||||| |||| 00| 0 tam d
024 _a64370
037 _cTextual
040 _aCRL
_cCRL
_btam
041 _2tam
_atam
082 _aO31v2'N5, K1;2
100 _aA.M.Paramasivanatham Au.
_9584613
245 0 _aGangai Karayil Kaaviri Thamil
260 _aChennai
_bThamil Kaliai pathippagam India
_c1961
300 _a156p.
_ccm.
650 _aTAMIL LITERATURE
942 _hO31v2'N5, K1;2
_cTEXL
_2cc
999 _c938851
_d938851